000 00618nam a2200241Ia 4500
005 20260121112549.0
008 6996 260114s9999 xx 000 0 eng d
020 _a9789812818430
037 _aEBOOK
040 _aCRL
_beng
_cCRL
041 _aeng
_2eng
084 _qCRL
100 _aDey Aloke Et Al
_9959615
245 0 _aOptimal Crossover Designs
260 _bWorld Scientific
260 _bWSPC
260 _c2009
650 _aMathematics
_9959616
856 _uhttps://www.worldscientific.com/worldscibooks/10.1142/6878#t=toc
942 _cEBOOK
999 _c1544296
_d1544296